[Event "AUTO-ADV-2740"]
[Site "http://www.queenalice.com/game.php?id=1177753"]
[Date "2013.5.2"]
[Round "2"]
[White "AcademiaAraxaensedeXadrez"]
[Black "yasseryack"]
[Result "0-1"]
[WhiteElo "2024"]
[BlackElo "1897"]

1. e4 c5 2. Nf3 Nc6 3. c3 d6 4. d4 cxd4 5. cxd4 e6 6. Nc3 Be7 7. Bf4 Bd7 8. Bc4
Qc7 9. O-O O-O-O 10. Be3 Na5 11. Bd3 Nf6 12. Rc1 Bc6 13. Nb5 Qb8 14. d5 exd5 15.
Nxa7+ Kd7 16. Bb6 dxe4 17. Nxc6 bxc6 18. Bxd8 Rxd8 19. Bxe4 Nxe4 20. Re1 f5 21.
Qa4 Qb6 22. Nd4 Nc5 23. Qc2 g6 24. a3 Bf6 25. b4 Bxd4 26. bxa5 Qxa5 27. Qc4 Be5
28. f4 Bxf4 29. Rcd1 Ne4 30. Qf7+ Kc8 31. Qe6+ Kc7 32. Rb1 Qa7+ 33. Kh1 Nf2+ 34.
Kg1 Nd3+ 35. Kh1 Nxe1 36. Rxe1 Qxa3 37. Qf6 Be5 38. Qh4 h5 39. Qg5 Qc3 40. Rb1
Rd7 41. Qxg6 Qd3 42. Rc1 Qd2 43. Rb1 Rg7 0-1

[Event "AUTO-ADV-2740"]
[Site "http://www.queenalice.com/game.php?id=1177754"]
[Date "2013.5.2"]
[Round "2"]
[White "yasseryack"]
[Black "AcademiaAraxaensedeXadrez"]
[Result "0-1"]
[WhiteElo "1910"]
[BlackElo "1973"]

1. e4 d5 2. e5 Nc6 3. d4 Bf5 4. Bb5 a6 5. Bxc6+ bxc6 6. Nc3 e6 7. Bf4 c5 8. Nce2
Qb8 9. b3 c4 10. Ng3 Bb4+ 11. Bd2 Ne7 12. N1e2 c5 13. Nxf5 Nxf5 14. a3 Bxd2+ 15.
Qxd2 cxb3 16. cxb3 Qxb3 17. O-O cxd4 18. Nxd4 Nxd4 19. Qxd4 O-O 20. f4 Rfc8 21.
f5 Rc4 22. Qd2 Rc2 23. Qf4 Rac8 24. fxe6 Qb6+ 25. Kh1 Qxe6 26. h4 Qg6 27. g3
R8c4 28. Qf5 Qxf5 29. Rxf5 R4c3 30. Rb1 g6 31. Rb8+ Kg7 32. Rf1 Rc7 33. g4 Ra2
34. Rb3 Rcc2 35. Rh3 d4 36. h5 d3 37. h6+ Kf8 38. e6 d2 39. Rxf7+ Kg8 40. Rd7
Rc1+ 41. Kg2 d1=Q+ 42. Kg3 Qe1+ 43. Kf4 Rc4+ 44. Kg5 Rc5+ 45. Kf6 Rf2+ 46. Ke7
Rf7+ 47. Kd8 Qxe6 48. Rxf7 Rc8# 0-1

[Event "AUTO-ADV-2733"]
[Site "http://www.queenalice.com/game.php?id=1177857"]
[Date "2013.5.2"]
[Round "2"]
[White "erig1969"]
[Black "AcademiaAraxaensedeXadrez"]
[Result "1-0"]
[WhiteElo "1962"]
[BlackElo "1959"]

1. d4 e5 2. d5 Nf6 3. Bg5 h6 4. Bh4 Be7 5. Nc3 Nxd5 6. Bxe7 Nxe7 7. Nf3 Nbc6 8.
e4 O-O 9. Bc4 d6 10. a3 Bg4 11. O-O Nd4 12. Be2 Nxe2+ 13. Qxe2 Nc6 14. Qd3 f5
15. Qd5+ Kh7 16. Nd2 f4 17. b4 f3 18. g3 Bh3 19. Rfe1 Nd4 20. Rac1 Qf6 21. Qxb7
a5 22. b5 h5 23. Nd5 Qh6 24. Re3 Ne2+ 25. Rxe2 fxe2 26. Ne3 h4 27. Qxc7 hxg3 28.
hxg3 Qf6 29. f3 Rf7 30. Qc4 Be6 31. Qxe2 Raf8 32. Rf1 Qh6 33. Qh2 Bh3 34. Re1
Kg8 35. b6 Qe6 36. Nd5 Qc8 37. c4 Qc5+ 38. Kh1 Be6 39. Kg2 Bxd5 40. exd5 Qxa3
41. Rh1 Rf6 42. Qh8+ Kf7 43. Qh5+ Ke7 44. Qg5 Rf7 45. b7 Qb2 46. Rb1 Qxb1 47.
Nxb1 Rf8 48. Qxg7+ R6f7 49. Qg5+ Kd7 50. Qe3 Kc7 51. Qa7 Rb8 52. Qxa5+ Kd7 53.
Qb5+ Kd8 54. Qb6+ 1-0

[Event "AUTO-ADV-2733"]
[Site "http://www.queenalice.com/game.php?id=1177858"]
[Date "2013.5.2"]
[Round "2"]
[White "AcademiaAraxaensedeXadrez"]
[Black "erig1969"]
[Result "1-0"]
[WhiteElo "1996"]
[BlackElo "1907"]

1. e4 c5 2. Nf3 e6 3. c3 g6 4. d4 Bg7 5. Bg5 Qb6 6. Qc2 Nf6 7. Nbd2 cxd4 8. cxd4
O-O 9. Bd3 Nc6 10. O-O Nxd4 11. Nxd4 Qxd4 12. Nf3 Qb4 13. a3 Qb6 14. Be3 Qd8 15.
Rac1 d6 16. Bg5 a6 17. Rfd1 e5 18. Bc4 b5 19. Bd5 Rb8 20. Nxe5 Be6 21. Nc6 Qd7
22. Nxb8 Rxb8 23. Qc7 Qxc7 24. Rxc7 Nxd5 25. exd5 Bf5 26. b3 h6 27. Be7 Be5 28.
Rc6 a5 29. Bxd6 Bb2 30. Bxb8 Bxa3 31. d6 1-0

[Event "AUTO-ADV-2733"]
[Site "http://www.queenalice.com/game.php?id=1177861"]
[Date "2013.5.2"]
[Round "2"]
[White "oevidalr"]
[Black "AcademiaAraxaensedeXadrez"]
[Result "1-0"]
[WhiteElo "1781"]
[BlackElo "1947"]

1. e4 d5 2. e5 c5 3. c3 Nc6 4. d4 Bf5 5. Bd3 Bxd3 6. Qxd3 e6 7. Nf3 f6 8. Qb5
Ne7 9. Qxb7 cxd4 10. cxd4 Rb8 11. Qa6 Nb4 12. Qa4+ Nec6 13. exf6 Qxf6 14. O-O
Bd6 15. a3 O-O 16. axb4 Nxd4 17. Nxd4 Qxd4 18. Qc2 Bxb4 19. Be3 Qe5 20. Rxa7 Bd6
21. g3 Rxb2 22. Qd1 Qe4 23. Nd2 Qd3 24. Qg4 Qg6 25. Qd4 Qf6 26. Qg4 e5 27. Re1
d4 28. Ne4 Qg6 29. Qxg6 hxg6 30. Bc1 Rb6 31. Nxd6 Rxd6 32. Ba3 d3 33. Bxd6 Rd8
34. Bxe5 Rd5 35. Rxg7+ Kf8 36. Bc3 Rc5 37. Ree7 Rxc3 38. Ra7 d2 39. Rgd7 Rc1+
40. Kg2 Ke8 41. Rxd2 Rc8 42. Rdd7 1-0

[Event "AUTO-ADV-2733"]
[Site "http://www.queenalice.com/game.php?id=1177862"]
[Date "2013.5.2"]
[Round "2"]
[White "AcademiaAraxaensedeXadrez"]
[Black "oevidalr"]
[Result "1-0"]
[WhiteElo "1972"]
[BlackElo "1760"]

1. e4 e5 2. Nf3 Nc6 3. Bc4 h6 4. O-O Nf6 5. d4 d6 6. dxe5 dxe5 7. Be3 Bd6 8. Nc3
a6 9. Nd5 O-O 10. Re1 b5 11. Bb3 Be6 12. a4 Nxe4 13. Bxh6 Qf6 14. Nxf6+ Nxf6 15.
Bg5 Nh7 16. Bxe6 fxe6 17. axb5 axb5 18. Be3 Rad8 19. Qe2 e4 20. Qxb5 Ne7 21. Nd4
Rb8 22. Qc4 Rf6 23. Nxe6 Kh8 24. Nxg7 Kxg7 25. Bd4 Rb4 26. Bxf6+ Kxf6 27. Qc3+
Kf7 28. Re3 Nd5 29. Qh8 Nxe3 30. Qxh7+ Ke8 31. fxe3 Rxb2 32. Ra8+ 1-0

[Event "AUTO-ADV-2733"]
[Site "http://www.queenalice.com/game.php?id=1177863"]
[Date "2013.5.2"]
[Round "2"]
[White "Mick_Gray"]
[Black "AcademiaAraxaensedeXadrez"]
[Result "0-1"]
[WhiteElo "1915"]
[BlackElo "2000"]

1. f4 e5 2. fxe5 Nc6 3. Nf3 Qe7 4. d4 f6 5. exf6 Nxf6 6. e3 d5 7. c4 Be6 8. c5
b6 9. b4 Nxb4 10. Qa4+ Bd7 11. Qxb4 bxc5 12. Qb7 Rd8 13. Ba3 Qe4 14. Bb5 Qxe3+
15. Kf1 Ne4 16. Bxd7+ Rxd7 17. Qb2 cxd4 18. Nxd4 Bxa3 19. Nxa3 Nd2+ 20. Qxd2
Qxd2 21. Nf3 O-O 22. h4 Re7 23. Kg1 Qe3+ 24. Kh2 Qxa3 25. Rhf1 Re2 26. Nd4 Re4
27. Nb5 Rxh4+ 28. Kg1 Qe3+ 29. Rf2 Qxf2# 0-1

[Event "AUTO-ADV-2733"]
[Site "http://www.queenalice.com/game.php?id=1177864"]
[Date "2013.5.2"]
[Round "2"]
[White "AcademiaAraxaensedeXadrez"]
[Black "Mick_Gray"]
[Result "1-0"]
[WhiteElo "1924"]
[BlackElo "1869"]

1. e4 e5 2. Nf3 d6 3. d4 exd4 4. Nxd4 c5 5. Nb5 a6 6. N5c3 Nc6 7. Bf4 Nf6 8. Bc4
b5 9. Bd5 Bb7 10. Nd2 Be7 11. O-O O-O 12. Nf3 Nh5 13. Be3 Qd7 14. Ne5 Nxe5 15.
Qxh5 b4 16. Ne2 Bxd5 17. exd5 Qg4 18. Qxg4 Nxg4 19. Bf4 Nf6 20. Rfe1 Nxd5 21.
Rad1 Nxf4 22. Nxf4 Bg5 23. Nh3 Bf6 24. Rxd6 Bxb2 25. Rc6 Rfc8 26. Rxc8+ Rxc8 27.
Nf4 g6 28. Re7 Rd8 29. g3 c4 30. Ra7 Rd6 31. Rb7 Bc3 32. Ne2 Be1 33. Rc7 c3 34.
Rb7 a5 35. Ra7 Rd2 36. Kf1 Rd1 37. Rxa5 Bd2+ 38. Kg2 Bg5 39. Rxg5 Rd2 40. Nf4
Rxc2 41. Rb5 Rxa2 42. Rxb4 c2 43. Rc4 Kf8 44. Kf3 Ke7 45. Ke3 g5 46. Nd5+ Ke6
47. Nc7+ Kd6 48. f4 gxf4+ 49. gxf4 c1=Q+ 50. Rxc1 Rxh2 51. Nb5+ Ke6 52. Rc6+ Kf5
53. Nd4+ Kg4 54. Rf6 Rh3+ 55. Ke4 h5 56. Rxf7 h4 57. Rg7+ Kh5 58. Kf5 Kh6 59.
Kf6 Rg3 60. Nf5+ 1-0

[Event "AUTO-INT-2540"]
[Site "http://www.queenalice.com/game.php?id=1191279"]
[Date "2013.6.15"]
[Round "2"]
[White "brunooliveira"]
[Black "AcademiaAraxaensedeXadrez"]
[Result "0-1"]
[WhiteElo "1767"]
[BlackElo "1980"]

1. e4 d5 2. exd5 Qxd5 3. Nc3 Qa5 4. Nf3 Bg4 5. Be2 Nc6 6. O-O Nf6 7. h3 Bh5 8.
d3 O-O-O 9. Bd2 e5 10. Ne4 Qb6 11. Nxf6 gxf6 12. b3 Bd6 13. Nh4 Bxe2 14. Qxe2
Nd4 15. Qd1 Rhg8 16. Be3 Qc6 17. Bxd4 exd4 18. Nf5 Qxg2# 0-1

[Event "AUTO-INT-2540"]
[Site "http://www.queenalice.com/game.php?id=1191280"]
[Date "2013.6.15"]
[Round "2"]
[White "AcademiaAraxaensedeXadrez"]
[Black "brunooliveira"]
[Result "1-0"]
[WhiteElo "1991"]
[BlackElo "1778"]

1. e4 e6 2. d4 d5 3. Nc3 Bb4 4. exd5 exd5 5. Bd2 Nf6 6. Nf3 O-O 7. a3 Bd6 8. Bd3
Bg4 9. O-O c6 10. h3 Bxf3 11. Qxf3 Qc7 12. Bg5 Nbd7 13. Rfe1 h6 14. Bh4 Rfe8 15.
Kf1 Qb6 16. Ne2 Qxb2 17. Reb1 Ne4 18. Bxe4 dxe4 19. Qg4 Qxc2 20. Qxd7 Rad8 21.
Bxd8 1-0

[Event "AUTO-INT-2540"]
[Site "http://www.queenalice.com/game.php?id=1191281"]
[Date "2013.6.15"]
[Round "2"]
[White "waldi"]
[Black "AcademiaAraxaensedeXadrez"]
[Result "1-0"]
[WhiteElo "1843"]
[BlackElo "1893"]

1. d4 e5 2. d5 f5 3. Nc3 Nf6 4. Bg5 h6 5. Bxf6 Qxf6 6. e4 Bb4 7. Ne2 d6 8. Qd3
Nd7 9. O-O-O Nc5 10. Qb5+ Bd7 11. Qxb4 fxe4 12. Nxe4 Nxe4 13. Qxe4 Bf5 14. Qb4
O-O 15. Qxb7 Rab8 16. Qa6 Rb6 17. Qxa7 Rfb8 18. b3 e4 19. c3 Qg5+ 20. Kb2 Bg4
21. h3 Qh5 22. Ng3 Qh4 23. hxg4 Qxg4 24. Be2 Qg6 25. Qxc7 e3 26. Bd3 Qg4 27. Nf5
exf2 28. Rxh6 Qxg2 29. Ne7+ 1-0

[Event "AUTO-INT-2540"]
[Site "http://www.queenalice.com/game.php?id=1191282"]
[Date "2013.6.15"]
[Round "2"]
[White "AcademiaAraxaensedeXadrez"]
[Black "waldi"]
[Result "0-1"]
[WhiteElo "1939"]
[BlackElo "1864"]

1. e4 c5 2. Nf3 Nc6 3. c3 g6 4. d4 Bg7 5. Bf4 Nf6 6. Nbd2 Qb6 7. Nc4 Qd8 8. Bd3
O-O 9. Qc2 cxd4 10. Nxd4 Nh5 11. Be3 d5 12. exd5 Qxd5 13. O-O-O Qxg2 14. Nxc6
Qxc6 15. Be4 Qxc4 16. Bd5 Qb5 17. a4 Qa6 18. Qb3 Rb8 19. Bxf7+ Rxf7 20. Rd8+ Bf8
21. Bh6 Be6 22. Qd1 Rxd8 23. Qxd8 Qd6 24. Qa8 Nf4 25. Bxf8 Rxf8 26. Qxb7 Bd5 0-1

[Event "AUTO-ADV-2768"]
[Site "http://www.queenalice.com/game.php?id=1209141"]
[Date "2013.8.17"]
[Round "2"]
[White "leduar"]
[Black "AcademiaAraxaensedeXadrez"]
[Result "1-0"]
[WhiteElo "1978"]
[BlackElo "1920"]

1. d4 e5 2. dxe5 Nc6 3. Nf3 d6 4. e4 Bg4 5. exd6 Bxd6 6. Bb5 Ne7 7. e5 Bxe5 8.
Qxd8+ Rxd8 9. Nbd2 O-O 10. Nxe5 Nxe5 11. O-O a6 12. Ba4 N7g6 13. h3 1-0

[Event "AUTO-ADV-2768"]
[Site "http://www.queenalice.com/game.php?id=1209142"]
[Date "2013.8.17"]
[Round "2"]
[White "AcademiaAraxaensedeXadrez"]
[Black "leduar"]
[Result "0-1"]
[WhiteElo "1906"]
[BlackElo "1992"]

1. e4 e5 2. Nf3 Nc6 3. Bc4 Bc5 4. O-O d6 5. d4 Bb6 6. dxe5 dxe5 7. Qxd8+ Kxd8 8.
Bxf7 Nh6 9. Bg5+ Ne7 10. Rd1+ Bd7 11. Be6 Bd4 12. Bxd7 Kxd7 0-1